[Event "WCPL:White Knights-East Glam Nomads"]
[Site "?"]
[Date "2016.04.16"]
[Round "6.6"]
[White "May, Adam J"]
[Black "Trickey, Andrew"]
[Result "1-0"]
[WhiteElo "1911"]
[BlackElo "1641"]
[PlyCount "81"]
[EventDate "2016.03.14"]

1. c4 Nf6 2. g3 c5 3. Bg2 Nc6 4. Nf3 d6 5. O-O e5 6. d3 Be7 7. Nc3 O-O 8. e4
Ne8 9. Nd5 f5 10. exf5 Bxf5 11. h3 Nf6 12. Ng5 h6 13. Nxf6+ Rxf6 14. Bd5+ Kf8
15. Ne4 Bxe4 16. Bxe4 Kg8 17. Qg4 Qc8 18. Bd5+ Kh8 19. Qh5 Rf5 20. Qd1 Nd4 21.
Be4 Rf8 22. Qh5 Qe6 23. Bxb7 Rf5 24. Qg4 Raf8 25. Be4 h5 26. Bxf5 Rxf5 27. Qd1
Nf3+ 28. Kg2 e4 29. Qe2 Nd4 30. Qxe4 Re5 31. Qa8+ Kh7 32. Bd2 Qg6 33. Rae1 Rxe1
34. Rxe1 Qxd3 35. Rxe7 Qxd2 36. Qe4+ Kh6 37. Re8 g5 38. Rh8+ Kg7 39. Rh7+ Kf8
40. Qe7+ Kg8 41. Qg7# 1-0

[Event "WCPL:Abergavenny-TheVale"]
[Site "?"]
[Date "2016.04.16"]
[Round "6.7"]
[White "Zeidler, Sven P"]
[Black "Davis, Lee"]
[Result "1-0"]
[WhiteElo "2182"]
[BlackElo "1965"]
[PlyCount "69"]
[EventDate "2016.03.14"]

1. e4 g6 2. d4 d6 3. Nf3 Nf6 4. Bd3 Bg7 5. O-O O-O 6. h3 Nc6 7. Bg5 h6 8. Be3
e5 9. Qd2 Kh7 10. Nc3 a6 11. Rad1 exd4 12. Nxd4 Bd7 13. f4 Nxd4 14. Bxd4 Bc6
15. Rfe1 Nd7 16. Bc4 b5 17. Bxg7 Kxg7 18. Bd5 Bxd5 19. Nxd5 f6 20. Qa5 Ra7 21.
a4 bxa4 22. Qxa4 Nc5 23. Qd4 Rb7 24. e5 fxe5 25. fxe5 Ne6 26. Qc3 c5 27. exd6+
Nd4 28. Re7+ Rf7 29. Qxc5 Nb5 30. Rxb7 Rxb7 31. Nf4 Qe8 32. Qd5 Rd7 33. Ne6+
Kh7 34. Rf1 Rxd6 35. Qb7+ 1-0

[Event "WCPL:Abergavenny-TheVale"]
[Site "?"]
[Date "2016.04.16"]
[Round "6.8"]
[White "Ralphs, Nigel"]
[Black "May, Frank"]
[Result "1/2-1/2"]
[WhiteElo "2001"]
[BlackElo "2124"]
[PlyCount "41"]
[EventDate "2016.03.14"]

1. e4 Nf6 2. e5 Nd5 3. d4 d6 4. Nf3 g6 5. Bc4 c6 6. O-O dxe5 7. Nxe5 Bg7 8. Bb3
O-O 9. Re1 a5 10. a4 Nd7 11. Nf3 N7b6 12. c3 Bg4 13. h3 Bxf3 14. Qxf3 e6 15.
Nd2 Nc8 16. Ne4 h6 17. Bf4 Nxf4 18. Qxf4 Ne7 19. Nc5 Nd5 20. Qe4 Qe8 21. Nd3
1/2-1/2

[Event "WCPL:Abergavenny-TheVale"]
[Site "?"]
[Date "2016.04.16"]
[Round "6.9"]
[White "Adams, Mark"]
[Black "Thomas, James"]
[Result "1/2-1/2"]
[WhiteElo "1985"]
[BlackElo "1932"]
[PlyCount "60"]
[EventDate "2016.03.14"]

1. e4 e6 2. d4 d5 3. Nc3 Nf6 4. e5 Nfd7 5. f4 c5 6. Nf3 Nc6 7. Be3 cxd4 8. Nxd4
Bc5 9. Qd2 a6 10. O-O-O Nxd4 11. Bxd4 O-O 12. g3 b5 13. Bg2 Qa5 14. Bxc5 Nxc5
15. Kb1 b4 16. Ne2 Rb8 17. Nd4 Bd7 18. Nb3 Nxb3 19. cxb3 Rfd8 20. Qd4 Qb6 21.
Qxb6 Rxb6 22. Rc1 Bb5 23. Bf1 h5 24. Bxb5 axb5 25. Rc5 Kh7 26. Rd1 d4 27. Kc2
Kg6 28. Kd3 Kf5 29. Rd2 Rb7 30. Rdc2 Rdd7 1/2-1/2

[Event "WCPL:Cardigan-Nidum"]
[Site "?"]
[Date "2016.04.16"]
[Round "6.13"]
[White "Davies, Matthew"]
[Black "Williams, A. Howard"]
[Result "0-1"]
[WhiteElo "2021"]
[BlackElo "2350"]
[PlyCount "50"]
[EventDate "2016.??.??"]

1. d4 Nf6 2. c4 e6 3. Nc3 Bb4 4. e3 O-O 5. Nge2 d5 6. a3 Be7 7. cxd5 exd5 8. g3
c6 9. Bg2 Bf5 10. O-O Bd6 11. Re1 Re8 12. Kh1 Ng4 13. Kg1 Nd7 14. h3 Ngf6 15.
g4 Bg6 16. f4 Be4 17. Ng3 g6 18. Bxe4 Nxe4 19. Ncxe4 dxe4 20. Kg2 Nf6 21. g5
Nd5 22. Bd2 Qe7 23. Qe2 Rad8 24. Rh1 c5 25. Bc3 Bxf4 0-1

[Event "WCPL:Cardigan-Nidum"]
[Site "?"]
[Date "2016.04.16"]
[Round "6.14"]
[White "Jones, Iolo C"]
[Black "Gibbons, Andrew"]
[Result "1/2-1/2"]
[WhiteElo "2215"]
[BlackElo "2039"]
[PlyCount "52"]
[EventDate "2016.??.??"]

1. d4 Nf6 2. Nf3 e6 3. c4 Bb4+ 4. Nbd2 b6 5. a3 Bxd2+ 6. Qxd2 Bb7 7. e3 d6 8.
b4 Nbd7 9. Bb2 a5 10. b5 O-O 11. Be2 Qe7 12. O-O Ne4 13. Qc2 f5 14. Rad1 Rae8
15. Bc1 Rf6 16. d5 e5 17. Ne1 Rh6 18. g3 Rf8 19. Bf3 Nec5 20. e4 f4 21. Nd3
Nxd3 22. Qxd3 Nc5 23. Qe2 Bc8 24. Bg2 g5 25. f3 Qg7 26. g4 Rh4 1/2-1/2

[Event "WCPL:Cardigan-Nidum"]
[Site "?"]
[Date "2016.04.16"]
[Round "6.15"]
[White "Moore, Robert"]
[Black "Heap, Gerry"]
[Result "0-1"]
[WhiteElo "1980"]
[BlackElo "2161"]
[PlyCount "111"]
[EventDate "2016.??.??"]

1. d4 Nf6 2. Nf3 g6 3. Nbd2 c5 4. e3 Bg7 5. Bd3 cxd4 6. exd4 O-O 7. O-O d5 8.
Re1 Nc6 9. c3 Qc7 10. Nf1 Nh5 11. Be3 Bg4 12. h3 Bd7 13. Qb3 Rad8 14. Rac1 b6
15. Bg5 Rfe8 16. Bh4 Qd6 17. Bg3 Nxg3 18. Nxg3 Rc8 19. Qd1 e5 20. dxe5 Nxe5 21.
Nd4 Nxd3 22. Rxe8+ Rxe8 23. Qxd3 Qf4 24. Rd1 h5 25. Nde2 Qe5 26. Nd4 Bf8 27.
Nf3 Qd6 28. Qxd5 Qxd5 29. Rxd5 Be6 30. Rd1 Bxa2 31. Ra1 Bc4 32. Rxa7 h4 33.
Nxh4 Re1+ 34. Kh2 Rb1 35. b4 Rb3 36. Ne4 Bg7 37. Nf3 Bd5 38. Nfd2 Rb2 39. Rd7
Be5+ 40. g3 Bxe4 41. Nxe4 f5 42. Re7 Bg7 43. Nd6 Rxf2+ 44. Kg1 Rf3 45. Re8+ Bf8
46. Kg2 Rxc3 47. Nc8 Kf7 48. Rd8 Rc6 49. Na7 Rc2+ 50. Kf3 Bxb4 51. Nb5 Bc5 52.
Nd4 Rd2 53. Ke3 Rxd4 54. Rxd4 Kf6 55. Kd3 Bxd4 56. Kxd4 0-1

[Event "WCPL:Cardigan-Nidum"]
[Site "?"]
[Date "2016.04.16"]
[Round "6.16"]
[White "Van Kemenade, Rudy"]
[Black "Bennett, Alan"]
[Result "1-0"]
[WhiteElo "2032"]
[BlackElo "1999"]
[PlyCount "89"]
[EventDate "2016.??.??"]

1. e4 c5 2. Nf3 Nc6 3. Bb5 e6 4. Bxc6 bxc6 5. d3 Ne7 6. Bd2 Ng6 7. Bc3 d5 8. e5
d4 9. Bd2 Ba6 10. h4 c4 11. Qe2 cxd3 12. cxd3 Qb6 13. b3 Rd8 14. h5 Ne7 15. Qe4
c5 16. Na3 Nd5 17. O-O Be7 18. Nc4 Qb8 19. Qg4 g6 20. Qh3 Kd7 21. Rfe1 Rhg8 22.
Bg5 Rdf8 23. Bxe7 Nxe7 24. Ng5 Bxc4 25. bxc4 Rh8 26. Ne4 Qxe5 27. Qh4 f6 28. f4
g5 29. fxe5 gxh4 30. exf6 Nf5 31. Rab1 Ne3 32. Nxc5+ Kd6 33. Ne4+ Kc6 34. Re2
Rhg8 35. Kh1 Rg4 36. Rf2 Rf7 37. Rb5 Nf5 38. Re5 Kd7 39. Nc5+ Kd6 40. Rxe6+
Kxc5 41. Rxf5+ Kb4 42. Re7 Rf8 43. f7 Kc3 44. Re8 Rxf7 45. Rxf7 1-0

[Event "WCPL:Cardigan-Nidum"]
[Site "?"]
[Date "2016.04.16"]
[Round "6.17"]
[White "Sims, Chris"]
[Black "Haigh, Tony"]
[Result "1-0"]
[WhiteElo "1897"]
[BlackElo "1888"]
[PlyCount "75"]
[EventDate "2016.??.??"]

1. e4 e6 2. d4 d5 3. Nc3 Nf6 4. Bg5 Bb4 5. e5 h6 6. Be3 Ne4 7. Qg4 Kf8 8. Nge2
Nxc3 9. bxc3 Ba3 10. Rb1 Nd7 11. Nf4 Be7 12. h4 Kg8 13. Bd3 f5 14. exf6 Nxf6
15. Qf3 Kf7 16. Bg6+ Kg8 17. Bd3 Kf7 18. Ng6 Rg8 19. Ne5+ Kf8 20. Bh7 c5 21.
Bxg8 Kxg8 22. g4 Qa5 23. Bxh6 Qxa2 24. O-O Qxc2 25. g5 gxh6 26. gxf6 Bf8 27.
Qg4+ Kh7 28. h5 a5 29. Kh1 a4 30. f3 Qf5 31. Qg6+ Qxg6 32. hxg6+ Kg8 33. Rg1
Bd6 34. g7 Bxe5 35. dxe5 Bd7 36. Rg6 Be8 37. Rxh6 Bf7 38. Rh8# 1-0

[Event "WCPL: Cardigan-Nidum"]
[Site "?"]
[Date "2016.04.16"]
[Round "6.18"]
[White "Van Kemenade, Julie"]
[Black "Griffiths, Hywel"]
[Result "0-1"]
[WhiteElo "1800"]
[BlackElo "1839"]
[PlyCount "68"]
[EventDate "2016.??.??"]

1. e4 c5 2. Nc3 Nc6 3. f4 g6 4. Nf3 Bg7 5. Bc4 d6 6. O-O Nf6 7. d3 O-O 8. Ne2
e6 9. Bb3 Qb6 10. Kh1 Nd4 11. c3 Nc6 12. Qe1 e5 13. Rb1 a5 14. Qg3 Nh5 15. Qf2
Bg4 16. h3 Bxf3 17. Qxf3 exf4 18. Bxf4 Nxf4 19. Nxf4 Ne5 20. Qg3 a4 21. Bd5 Qc7
22. d4 cxd4 23. cxd4 Nc6 24. Rbc1 Bxd4 25. Rc2 Qe7 26. Qd3 Nb4 27. Qxd4 Nxc2
28. Qd2 Rac8 29. Nxg6 hxg6 30. Qh6 Qe5 31. Qxg6+ Qg7 32. Qxd6 Ne3 33. Rf2 Rc1+
34. Kh2 Nf1+ 0-1

[Event "WCPL:East Glam Nomads-The Vale"]
[Site "?"]
[Date "2016.05.08"]
[Round "7.1"]
[White "Davis, Lee"]
[Black "Heaven, Peter"]
[Result "0-1"]
[WhiteElo "2029"]
[BlackElo "1961"]
[PlyCount "92"]
[EventDate "2016.05.09"]

1. d4 b6 2. Nf3 Bb7 3. g3 e6 4. Bg2 f5 5. O-O Nf6 6. c4 Be7 7. Nc3 O-O 8. d5
exd5 9. Nd4 Ne4 10. Nxd5 c6 11. Nxe7+ Qxe7 12. Qc2 c5 13. Nb5 Nc6 14. Bxe4 fxe4
15. Bf4 Rxf4 16. gxf4 a6 17. Nc7 Nd4 18. Qd2 Rf8 19. Nd5 Bxd5 20. cxd5 Rxf4 21.
Qe3 Qh4 22. Kh1 Nc2 23. Qg3 Nxa1 24. Qxh4 Rxh4 25. Rxa1 Rh5 26. Rd1 Kf7 27. Kg2
Rg5+ 28. Kf1 Rh5 29. Kg2 Rg5+ 30. Kf1 Ke7 31. f3 exf3 32. exf3 Kd6 33. Rd2 Rxd5
34. Rg2 g6 35. Ke2 Re5+ 36. Kd2 Rd5+ 37. Ke2 Ke6 38. Rg4 Rd4 39. Rg2 d5 40. Ke3
Kf5 41. Rc2 Rh4 42. a3 Rh3 43. Rg2 h5 44. b3 g5 45. Ke2 Kf4 46. Rf2 d4 0-1

[Event "WCPL:East Glam Nomads-The Vale"]
[Site "?"]
[Date "2016.05.08"]
[Round "7.2"]
[White "Robinson, David"]
[Black "Ralphs, Nigel"]
[Result "1-0"]
[WhiteElo "1904"]
[BlackElo "2004"]
[PlyCount "81"]
[EventDate "2016.05.09"]

1. d4 d5 2. Nf3 Nf6 3. Bf4 c5 4. e3 cxd4 5. exd4 Nc6 6. c3 Bg4 7. Nbd2 Bxf3 8.
Nxf3 e6 9. Bd3 Bd6 10. Ne5 O-O 11. O-O Qc7 12. Re1 Nd7 13. Qh5 g6 14. Qe2 Rfe8
15. Nxd7 Qxd7 16. Qg4 Bf8 17. Re3 Bg7 18. Rae1 a6 19. h4 h5 20. Qe2 b5 21. g4
e5 22. gxh5 gxh5 23. Bxe5 Nxe5 24. dxe5 Qg4+ 25. Qxg4 hxg4 26. Bf5 Rad8 27. e6
fxe6 28. Bxe6+ Kf8 29. Bxg4 Rxe3 30. Rxe3 d4 31. Rd3 Ke7 32. cxd4 Bxd4 33. Rd2
Kf6 34. Kg2 Ke5 35. Kg3 Rf8 36. Re2+ Kd5 37. f4 Kc4 38. h5 Kd3 39. Kf3 Rg8 40.
Bf5+ Kc4 41. Be6+ 1-0

[Event "WCPL:East Glam Nomads-The Vale"]
[Site "?"]
[Date "2016.05.08"]
[Round "7.3"]
[White "Taylor, Robert Graham"]
[Black "James, Dai"]
[Result "1/2-1/2"]
[WhiteElo "1907"]
[BlackElo "1914"]
[PlyCount "68"]
[EventDate "2016.05.09"]

1. Nf3 f5 2. e4 fxe4 3. Ng5 e5 4. Nxe4 Nf6 5. Nbc3 Be7 6. d4 exd4 7. Qxd4 O-O
8. Bc4+ Kh8 9. Ng5 d5 10. Bd3 Bg4 11. f3 Nc6 12. Qa4 Bd7 13. Qh4 h6 14. Nh3 Ne4
15. Qh5 Rf5 16. Qg6 Ne5 17. fxe4 Nxg6 18. exf5 Ne5 19. O-O Nxd3 20. cxd3 Bc5+
21. Kh1 c6 22. f6 g5 23. Ne2 Bxh3 24. gxh3 Qd7 25. b4 Qxh3 26. Bb2 Bd6 27. f7+
Kh7 28. Rf2 Rf8 29. Raf1 Bxh2 30. Ng1 Bxg1+ 31. Kxg1 Qg3+ 32. Kh1 Qh3+ 33. Kg1
Qg3+ 34. Kh1 Qh3+ 1/2-1/2

[Event "WCPL:East Glam Nomads-The Vale"]
[Site "?"]
[Date "2016.05.08"]
[Round "7.4"]
[White "Dineen, Robert"]
[Black "Servini, Mike"]
[Result "1-0"]
[WhiteElo "1856"]
[BlackElo "1670"]
[PlyCount "97"]
[EventDate "2016.05.09"]

1. e4 e6 2. d4 d5 3. Nc3 Nf6 4. e5 Nfd7 5. Nf3 a6 6. Be2 c5 7. Be3 Nc6 8. O-O
b5 9. a3 cxd4 10. Bxd4 Qc7 11. Re1 Be7 12. Qd2 O-O 13. Rad1 Bb7 14. Qe3 Nxd4
15. Qxd4 Rac8 16. Bd3 Nc5 17. Qg4 Nxd3 18. Rxd3 Qb6 19. Red1 Rc4 20. Qg3 Rfc8
21. Nd2 Rh4 22. Nb3 Rh6 23. Qe3 Qxe3 24. Rxe3 Rg6 25. g3 Ba8 26. Red3 Rg4 27.
f4 h5 28. h3 Rg6 29. Kh2 Rh6 30. Nd4 g6 31. Nce2 Kg7 32. c3 Rhh8 33. Kg2 Rc7
34. Rh1 Rhc8 35. g4 hxg4 36. hxg4 Rh8 37. Rxh8 Kxh8 38. Rh3+ Kg7 39. Kg3 Rc8
40. f5 Bd8 41. fxe6 f6 42. exf6+ Bxf6 43. Rh1 Re8 44. Rf1 Re7 45. Kf4 Bb7 46.
g5 Bxd4 47. Nxd4 Bc8 48. Ke5 Bb7 49. Kd6 1-0

[Event "WCPL:East Glam Nomads-The Vale"]
[Site "?"]
[Date "2016.05.08"]
[Round "7.5"]
[White "Bonutto, Stephen"]
[Black "Thomas, Roy"]
[Result "1/2-1/2"]
[WhiteElo "1375"]
[BlackElo "1759"]
[PlyCount "136"]
[EventDate "2016.05.09"]

1. e4 c5 2. Nf3 Nc6 3. d4 cxd4 4. Nxd4 e5 5. Nb5 d6 6. Be2 a6 7. N5c3 Be7 8.
Nd5 Nf6 9. Nbc3 O-O 10. Be3 b5 11. a3 Rb8 12. O-O Nxd5 13. Nxd5 f5 14. exf5
Bxf5 15. Rc1 Kh8 16. Qd2 Be6 17. Bf3 Rf7 18. Rcd1 Bf8 19. Bg5 Qe8 20. Bh5 g6
21. Be2 Nd4 22. Ne3 Rd7 23. Bg4 h6 24. Bh4 g5 25. Bg3 Qg6 26. Bxe6 Qxe6 27. f3
Rc8 28. c3 Nb3 29. Qd5 Nc5 30. Rfe1 Qg6 31. Bf2 Ne6 32. Ng4 Nf4 33. Nxe5 Qg7
34. Qd2 Re7 35. Ng4 Kg8 36. Bd4 Qf7 37. Nf6+ Kh8 38. Nd5+ Kg8 39. Nxe7+ Bxe7
40. Bf2 Rd8 41. Bg3 Kh8 42. Bxf4 gxf4 43. Qd5 Qg7 44. Qd4 Bf6 45. Qxf4 Rg8 46.
Re2 Be5 47. Qh4 Rf8 48. Kh1 Rf4 49. Qh3 Qf6 50. Qh5 Rh4 51. Qe8+ Kg7 52. Rxe5
Qxe5 53. Qxe5+ dxe5 54. Rd6 Rf4 55. Rxa6 e4 56. Kg1 exf3 57. gxf3 Rxf3 58. Kg2
Rd3 59. Ra5 Rd2+ 60. Kg3 Rxb2 61. a4 Ra2 62. Rxb5 Rxa4 63. Rb1 Rc4 64. Rc1 Kf6
65. Kf3 Ke5 66. Ke3 Kd5 67. Kd3 Rh4 68. Rc2 Rg4 1/2-1/2

[Event "WCPL:Cardiff-White Knights"]
[Site "?"]
[Date "2016.05.08"]
[Round "7.7"]
[White "Young, Alan"]
[Black "Brown, Thomas"]
[Result "0-1"]
[WhiteElo "2048"]
[BlackElo "2098"]
[PlyCount "74"]
[EventDate "2016.05.09"]

1. e4 c6 2. d4 d5 3. exd5 cxd5 4. c4 Nf6 5. Nc3 Nc6 6. Bg5 Be6 7. a3 g6 8. Bxf6
exf6 9. c5 Bg7 10. Bb5 O-O 11. Nge2 f5 12. O-O Qf6 13. Bxc6 bxc6 14. f4 Rfe8
15. Qd2 Bc8 16. b4 Ba6 17. a4 Bxe2 18. Nxe2 a6 19. Ra2 Re4 20. Qd3 Qe7 21. Rd2
Re8 22. Rf2 Qb7 23. Rb2 Re3 24. Qd1 R8e4 25. Kf1 Qe7 26. Rd2 h5 27. g3 h4 28.
Kg2 Bh6 29. Qc2 g5 30. Nc3 gxf4 31. Nxe4 fxe4 32. gxf4 Bxf4 33. Qd1 Qg5+ 34.
Kh1 h3 35. Qf1 Rc3 36. Rd1 Be3 37. Rxf7 Qg2+ 0-1

[Event "WCPL:Cardiff-White Knights"]
[Site "?"]
[Date "2016.05.08"]
[Round "7.8"]
[White "Fathallah, Joe"]
[Black "Garcia, Jason"]
[Result "1/2-1/2"]
[WhiteElo "1949"]
[BlackElo "2043"]
[PlyCount "40"]
[EventDate "2016.05.09"]

1. d4 f5 2. h3 d5 3. Bf4 Nf6 4. Nf3 g6 5. e3 Bg7 6. Bd3 Nbd7 7. Nbd2 Nb6 8. c3
O-O 9. Ne5 Nfd7 10. Ndf3 Nxe5 11. Nxe5 Nd7 12. Nxd7 Qxd7 13. O-O b6 14. Qc2 Bb7
15. c4 c6 16. cxd5 cxd5 17. Rac1 Rfc8 18. Qd2 e6 19. a3 Rxc1 20. Rxc1 Rc8
1/2-1/2

[Event "WCPL:Cardiff-White Knights"]
[Site "?"]
[Date "2016.05.08"]
[Round "7.9"]
[White "Hewitt, William"]
[Black "Roberts, David L"]
[Result "0-1"]
[WhiteElo "2036"]
[BlackElo "1993"]
[PlyCount "96"]
[EventDate "2016.05.09"]

1. e4 e5 2. Nf3 Nc6 3. Bb5 Nd4 4. Nxd4 exd4 5. d3 c6 6. Bc4 Nf6 7. O-O d5 8.
exd5 Nxd5 9. Qf3 Be6 10. Nd2 Be7 11. Ne4 O-O 12. Bd2 b5 13. Bb3 c5 14. c4 Nb6
15. cxb5 c4 16. dxc4 Nxc4 17. Bxc4 Bxc4 18. Rfd1 Qb6 19. a4 Rad8 20. Ng3 Bd5
21. Qd3 Rfe8 22. b4 Bf6 23. Re1 Qb7 24. f3 Be5 25. Rxe5 Rxe5 26. Qxd4 Qe7 27.
Bc3 f6 28. Rd1 Rc8 29. f4 Bb3 30. fxe5 fxe5 31. Qg4 Rxc3 32. Nf5 Qc7 33. Rd8+
Kf7 34. Qxg7+ Ke6 35. Nd4+ exd4 36. Re8+ Kd5 37. Qg8+ Kd6 38. Rd8+ Ke5 39. Re8+
Kf6 40. Qf8+ Bf7 41. Qh6+ Bg6 42. Qf8+ Kg5 43. h4+ Kg4 44. Re1 Qg3 45. Rf1 Rc2
46. Qf3+ Qxf3 47. gxf3+ Kg3 48. Rd1 d3 0-1

[Event "WCPL:Cardiff-White Knights"]
[Site "?"]
[Date "2016.05.08"]
[Round "7.10"]
[White "Thompson, Keith"]
[Black "Bevan, Peter M"]
[Result "0-1"]
[WhiteElo "1834"]
[BlackElo "1949"]
[PlyCount "60"]
[EventDate "2016.05.09"]

1. e4 c5 2. Nc3 Nc6 3. g3 g6 4. Bg2 Bg7 5. d3 d6 6. f4 Nd4 7. Nf3 b5 8. Nxd4
cxd4 9. Ne2 Rb8 10. c3 Bg4 11. cxd4 Bxd4 12. h3 Bxe2 13. Qxe2 e6 14. Be3 Qb6
15. Kf2 Ne7 16. Rhc1 O-O 17. Rc3 d5 18. Bxd4 Qxd4+ 19. Kf1 Rfc8 20. Rac1 Rxc3
21. Rxc3 dxe4 22. Qxe4 Qb6 23. d4 Rd8 24. Rd3 Nf5 25. d5 Rxd5 26. Rc3 Rd1+ 27.
Ke2 Qg1 28. Rc7 Kg7 29. Qe5+ Kh6 30. Qf6 Nd4+ 0-1

[Event "WCPL:Cardiff-White Knights"]
[Site "?"]
[Date "2016.05.08"]
[Round "7.11"]
[White "Buttell, David"]
[Black "Sivarajasingam, Shayanna"]
[Result "0-1"]
[WhiteElo "1775"]
[BlackElo "1592"]
[PlyCount "126"]
[EventDate "2016.05.09"]

1. d4 d5 2. c4 e6 3. Nc3 Nf6 4. cxd5 exd5 5. Bg5 c6 6. Qc2 Be7 7. e3 O-O 8. Bd3
Nbd7 9. Nge2 Re8 10. O-O Nf8 11. Bh4 Ng6 12. Bxg6 fxg6 13. f3 Be6 14. a3 Qd7
15. b4 Rac8 16. e4 Nxe4 17. Bxe7 Nxc3 18. Nxc3 Rxe7 19. Rfe1 Rce8 20. Na4 Bf5
21. Qd2 b6 22. Kf2 c5 23. Rxe7 Rxe7 24. Nc3 c4 25. Re1 Rxe1 26. Qxe1 Be6 27.
Qe5 h6 28. g4 Qf7 29. Kg3 Kh7 30. h4 Qf6 31. f4 Qf7 32. Qd6 Kh8 33. Qb8+ Kh7
34. Qe5 Kh8 35. Nd1 Kh7 36. Nc3 Kh8 37. Qe2 Qd7 38. Qf3 Kh7 39. Qe2 Kh8 40. Qf3
Kh7 41. f5 gxf5 42. gxf5 Bxf5 43. Qxd5 Qxd5 44. Nxd5 Kg6 45. Kf4 Be6 46. Nc3
Kf6 47. Ne4+ Ke7 48. Ke5 Bg4 49. d5 Bf3 50. Nc3 g5 51. hxg5 hxg5 52. Nb5 a6 53.
Nd4 g4 54. Nf5+ Kd7 55. Kd4 b5 56. a4 Bd1 57. axb5 axb5 58. Ng3 Bf3 59. Nf5 Bh1
60. Ng3 Bf3 61. Nf5 Bxd5 62. Kxd5 c3 63. Ne3 g3 0-1

[Event "WCPL:Cardiff-White Knights"]
[Site "?"]
[Date "2016.05.08"]
[Round "7.12"]
[White "Sivarajasingam, Venetia"]
[Black "May, Adam J"]
[Result "0-1"]
[WhiteElo "1708"]
[BlackElo "1914"]
[PlyCount "62"]
[EventDate "2016.05.09"]

1. e4 c6 2. d4 d5 3. Nc3 dxe4 4. Nxe4 Bf5 5. Ng3 Bg6 6. h4 h6 7. Nf3 Nd7 8. h5
Bh7 9. Bd3 Bxd3 10. Qxd3 e6 11. Bf4 Qa5+ 12. Bd2 Bb4 13. Ne4 Ngf6 14. Nd6+ Ke7
15. Nc4 Bxd2+ 16. Qxd2 Qc7 17. O-O-O Rhd8 18. Qb4+ c5 19. Qa3 b6 20. Rhe1 Kf8
21. Nce5 Rac8 22. g4 Kg8 23. g5 cxd4 24. Qd3 Nd5 25. gxh6 Nxe5 26. Nxe5 Nb4 27.
h7+ Kh8 28. Qe4 Nxc2 29. Kb1 Nxe1 30. Rxe1 d3 31. Qe3 d2 0-1

[Event "WCPL:Abergavenny-Cardigan"]
[Site "?"]
[Date "2016.05.08"]
[Round "7.13"]
[White "Williams, A. Howard"]
[Black "Zeidler, Sven P"]
[Result "1-0"]
[WhiteElo "2323"]
[BlackElo "2186"]
[PlyCount "63"]
[EventDate "2016.??.??"]

1. d4 f5 2. g3 Nf6 3. Bg2 g6 4. c4 Bg7 5. Nf3 d6 6. O-O O-O 7. Nc3 c6 8. Rb1 a5
9. Qb3 Kh8 10. Rd1 Ne4 11. Be3 a4 12. Nxa4 Qa5 13. Nb6 Qxa2 14. Qc2 Ra6 15.
Nxc8 Rxc8 16. Ng5 Nxg5 17. Bxg5 Ra4 18. Rbc1 Rb4 19. Rd2 Re8 20. e4 c5 21. exf5
Bxd4 22. Rxd4 cxd4 23. Qe4 Qxb2 24. Bf6+ exf6 25. Qxe8+ Kg7 26. Qe7+ Kh6 27.
Qf8+ Kg5 28. h4+ Kg4 29. Re1 Qc3 30. Re4+ Kh5 31. g4+ Kxh4 32. Qh6# 1-0

[Event "WCPL:Abergavenny-Cardigan"]
[Site "?"]
[Date "2016.05.08"]
[Round "7.14"]
[White "Morris, Charles F"]
[Black "Jones, Iolo C"]
[Result "1/2-1/2"]
[WhiteElo "2125"]
[BlackElo "2189"]
[PlyCount "66"]
[EventDate "2016.??.??"]

1. c4 Nf6 2. g3 e5 3. Bg2 Nc6 4. Nc3 Bb4 5. Nd5 Bc5 6. Nf3 O-O 7. O-O Re8 8. d3
Nxd5 9. cxd5 Nd4 10. Ng5 Be7 11. Ne4 d6 12. e3 Nf5 13. Bd2 Bd7 14. Ba5 Qb8 15.
Rc1 c5 16. dxc6 bxc6 17. b4 Bd8 18. Qg4 d5 19. Nc5 Bc8 20. Bxd8 Rxd8 21. Qh5 g6
22. Qg5 Qd6 23. e4 f6 24. Qd2 Nd4 25. a3 Rb8 26. f4 dxe4 27. Nxe4 Qe7 28. fxe5
fxe5 29. Rce1 Bf5 30. h3 Rf8 31. Nc5 Rbe8 32. Rf2 Bc8 33. Ref1 Rxf2 1/2-1/2

[Event "WCPL:Abergavenny-Cardigan"]
[Site "?"]
[Date "2016.05.08"]
[Round "7.15"]
[White "Heap, Gerry"]
[Black "May, Frank"]
[Result "1-0"]
[WhiteElo "2048"]
[BlackElo "2121"]
[PlyCount "57"]
[EventDate "2016.??.??"]

1. c4 Nf6 2. Nc3 e6 3. e4 d5 4. e5 d4 5. exf6 dxc3 6. bxc3 Qxf6 7. Nf3 Nd7 8.
d4 h6 9. Bd3 Bd6 10. O-O O-O 11. Qe2 Re8 12. Qe4 c6 13. Be3 e5 14. Qh7+ Kf8 15.
Rae1 e4 16. Bxe4 Ke7 17. Bxc6 Kd8 18. Ba4 Nf8 19. Qb1 Re7 20. c5 Bc7 21. d5 Bf5
22. Bc2 Bxc2 23. Qxc2 Bf4 24. Bd4 Qg6 25. Qb3 Rb8 26. Rxe7 Kxe7 27. Re1+ Kd8
28. Qa4 Nd7 29. Qxa7 1-0

[Event "WCPL:Abergavenny-Cardigan"]
[Site "?"]
[Date "2016.05.08"]
[Round "7.16"]
[White "Parry, Matthew"]
[Black "Van Kemenade, Rudy"]
[Result "1-0"]
[WhiteElo "1895"]
[BlackElo "2002"]
[PlyCount "61"]
[EventDate "2016.??.??"]

1. d4 Nf6 2. c4 e5 3. dxe5 Ng4 4. a3 a5 5. Nc3 Nc6 6. Nf3 Ncxe5 7. Nxe5 Nxe5 8.
Bf4 Ng6 9. Bg3 Ra6 10. Nb5 d6 11. e3 Be7 12. c5 Rc6 13. cxd6 cxd6 14. Rc1 Rxc1
15. Qxc1 O-O 16. Be2 Qb6 17. Qd2 Ne5 18. Qd4 Qxd4 19. exd4 Nc6 20. Kd2 Rd8 21.
d5 Ne5 22. Rc1 Kf8 23. Rc7 f5 24. f3 g5 25. Bf2 Nd7 26. Na7 Nf6 27. Rxc8 Nxd5
28. Rxd8+ Bxd8 29. Nb5 Ke7 30. Bc4 Nf4 31. Bg3 1-0

[Event "WCPL:Abergavenny-Cardigan"]
[Site "?"]
[Date "2016.05.08"]
[Round "7.17"]
[White "Haigh, Tony"]
[Black "Llewellyn, David"]
[Result "0-1"]
[WhiteElo "1814"]
[BlackElo "1831"]
[PlyCount "76"]
[EventDate "2016.??.??"]

1. d4 d5 2. Nf3 Nf6 3. c4 dxc4 4. e3 Bg4 5. Bxc4 e6 6. O-O Nbd7 7. Nbd2 Be7 8.
b3 O-O 9. Bb2 c5 10. e4 cxd4 11. Bxd4 Nc5 12. Re1 Qxd4 13. Nxd4 Bxd1 14. Raxd1
Rfd8 15. N4f3 Nd3 16. Re2 Nb2 17. Rc1 Nxc4 18. Rxc4 Rac8 19. Ne5 Rxc4 20. Nexc4
b5 21. Ne3 Bb4 22. Nef1 Kf8 23. g3 Ke7 24. f3 Rd3 25. Kf2 Nd7 26. Nb1 Rd1 27.
Rb2 Ne5 28. Ne3 Rh1 29. Kg2 Re1 30. a3 Bc5 31. Nf1 Nd3 32. Rd2 Rxb1 33. Rxd3
Bxa3 34. f4 Bc5 35. Rc3 Rb2+ 36. Kf3 Rf2+ 37. Kg4 Bb6 38. Rf3 h5+ 0-1

[Event "WCPL:Abergavenny-Cardigan"]
[Site "?"]
[Date "2016.05.08"]
[Round "7.18"]
[White "Waterfield, John W"]
[Black "Van Kemenade, Julie"]
[Result "1-0"]
[WhiteElo "1956"]
[BlackElo "1730"]
[PlyCount "63"]
[EventDate "2016.??.??"]

1. e4 d6 2. d4 Nf6 3. Nc3 c6 4. f4 Qa5 5. Bd3 e5 6. Nf3 Nbd7 7. O-O Be7 8. Kh1
Qc7 9. a4 O-O 10. Qe1 Ne8 11. Qg3 Bf6 12. fxe5 dxe5 13. dxe5 Bxe5 14. Nxe5 Qxe5
15. Bf4 Qa5 16. e5 Nc5 17. Bg5 Qc7 18. Ne4 Nxe4 19. Bxe4 f6 20. Qb3+ Kh8 21.
exf6 Qe5 22. fxg7+ Qxg7 23. Rxf8+ Qxf8 24. Qd3 Qg7 25. Bd2 Qd7 26. Bc3+ Ng7 27.
Qf3 Qe7 28. Re1 Be6 29. Bf5 Kg8 30. Bxg7 Qxg7 31. Bxe6+ Kh8 32. Qc3 1-0